000
00287nam a22001337a 4500
008
180201b xxu||||| |||| 00| 0 eng d
020
_a
9780618690121
041
_a
eng
080
_a
94
100
_a
16
101
_a
his
245
_a
modern world history
_c
rand/m
942
_2
udc
_c
BK
999
_c
41544
_d
41544